Managing investments

Bibliographic Details
Main Authors: Hirt, Geoffrey A. (Author), Block, Stanley B. (Author)
Format: Book
Published: New York : McGraw-Hill , c2005
Subjects:

MARC

LEADER 00000cam a2200000 7i4500
001 0000000219
005 20201229093000.0
008 021118s2005
020 |a 0071413642 
050 0 0 |a HG4521   |b .H5794 2005 
100 0 |a Hirt, Geoffrey A. ,   |e author 
245 1 0 |a Managing investments   |c Geoffrey A. Hirt, Stanley B. Block 
260 2 |a New York :   |b McGraw-Hill ,   |c c2005 
300 |a viii, 392 p. :   |b ill. ;   |c 24 cm. 
504 |a Includes bibliographical references and index 
650 0 |a Investment analysis 
650 0 |a Investments 
650 0 |a Investments   |z United States 
700 1 |a Block, Stanley B. ,   |e author 
999 |a 1000105183   |b Book   |c OPEN SHELF (30 DAYS)   |e Gong Badak Campus